| 000 | 01302pam a2200325 a 4500 | ||
|---|---|---|---|
| 001 | 1122945 | ||
| 005 | 20230717112236.0 | ||
| 008 | 940127s1994 coua b 001 0 eng | ||
| 010 | _a 94002515 | ||
| 020 | _a0813320526 | ||
| 040 |
_aDLC _cDLC _dDLC |
||
| 050 | 0 | 0 | _aSF 85 .H39 1994 |
| 082 | 0 | 0 |
_a636/.01 _220 |
| 100 | 1 | _aHeady, Harold F. | |
| 245 | 1 | 0 |
_aRangeland ecology and management / _cHarold F. Heady, R. Dennis Child. |
| 246 | 1 | 4 | _aRangeland ecology & management |
| 260 |
_aBoulder : _bWestview Press, _c1994. |
||
| 300 |
_axvi, 519 p. : _bill. ; _c24 cm. |
||
| 500 | _aRev. ed. of: Rangeland management. 1975. | ||
| 504 | _aIncludes bibliographical references and index. | ||
| 650 | 0 | _aRange management. | |
| 650 | 0 | _aRange ecology. | |
| 700 | 1 |
_aChild, R. Dennis _q(Rawson Dennis) |
|
| 700 | 1 |
_aHeady, Harold F. _tRangeland management. |
|
| 856 | 4 | 2 |
_3Publisher description _uhttp://www.loc.gov/catdir/enhancements/fy0832/94002515-d.html |
| 856 | 4 | 2 |
_3Contributor biographical information _uhttp://www.loc.gov/catdir/enhancements/fy0832/94002515-b.html |
| 906 |
_a7 _bcbc _corignew _d1 _eocip _f19 _gy-gencatlg |
||
| 942 |
_2lcc _cBOOKS _hSF 85 .H39 1994 |
||
| 999 |
_c31683 _d31683 |
||